[Event "Izmir op 15th"]
[Site "Izmir"]
[Date "2016.09.05"]
[Round "1"]
[White "Inan, M Berk"]
[Black "Grigoriev, Alexey"]
[Result "0-1"]
[WhiteElo "1453"]
[BlackElo "2148"]
[PlyCount "82"]
[EventDate "2016.09.05"]
[EventType "swiss"]
[EventRounds "9"]
[EventCountry "TUR"]
[SourceTitle "CBM 174 Extra"]
[Source "ChessBase"]
[SourceDate "2016.10.10"]
[SourceVersion "1"]
[SourceVersionDate "2016.10.10"]
[SourceQuality "1"]

1. d4 d5 2. c4 Bf5 3. Nc3 e6 4. Nf3 Nf6 5. e3 Nc6 6. a3 Be7 7. Bd2 0-0 8. Be2 h6 9. 0-0 Nb8 10. Qb3 b6 11. Ne5 c6 12. Rac1 Ne8 13. cxd5 cxd5 14. Na2 Nd6 15. Nb4 Ne4 16. Rfd1 Nxd2 17. Rxd2 Bd6 18. Ned3 Be4 19. f3 Qg5 20. Nf2 Bf5 21. f4 Qe7 22. Rc3 Qb7 23. Nfd3 a5 24. Na2 a4 25. Qd1 Nc6 26. Ne5 Na5 27. Nc1 b5 28. Bd3 Bxd3 29. Ncxd3 f6 30. Ng6 Rfe8 31. Rdc2 Nc4 32. Qf3 Qf7 33. Nh4 g5 34. Qg3 Qg7 35. Nf3 Nxe3 36. Re2 gxf4 37. Nxf4 Nf5 38. Qxg7+ Nxg7 39. Nd3 Rac8 40. Rec2 Rc4 41. b3 axb3 0-1

[Event "Manavgat Turkey Cup"]
[Site "Manavgat"]
[Date "2016.02.05"]
[Round "10"]
[White "Inan, M Berk"]
[Black "Demirtas, Hafize"]
[Result "0-1"]
[WhiteElo "1477"]
[BlackElo "1434"]
[PlyCount "58"]
[EventDate "2016.01.30"]
[EventType "swiss"]
[EventRounds "11"]
[EventCountry "TUR"]
[SourceTitle "CBM 170 Extra"]
[Source "ChessBase"]
[SourceDate "2016.02.25"]
[SourceVersion "1"]
[SourceVersionDate "2016.02.25"]
[SourceQuality "1"]

1. d4 d5 2. Nf3 e6 3. c4 f5 4. Nc3 Nf6 5. e3 c6 6. Bd3 Bd6 7. 0-0 0-0 8. Bd2 Ne4 9. Qc2 Rf6 10. Rac1 Rh6 11. cxd5 Bxh2+ 12. Kh1 Qe8 13. g3 Bxg3+ 14. Kg2 Qg6 15. Rg1 Bxf2+ 16. Kf1 Bxg1 17. Nxe4 Rh1 18. Nf2 Bxf2+ 19. Kxf2 Rxc1 20. Qxc1 exd5 21. Qc5 Nd7 22. Qe7 Qf6 23. Qe8+ Nf8 24. Bb4 Qf7 25. Qe5 Be6 26. Ng5 Qf6 27. Qf4 h6 28. Nf3 g5 29. Qc7 Qf7 0-1

[Event "Manavgat Turkey Cup"]
[Site "Manavgat"]
[Date "2016.02.04"]
[Round "9"]
[White "Demirci, Baris"]
[Black "Inan, M Berk"]
[Result "1/2-1/2"]
[WhiteElo "1579"]
[BlackElo "1477"]
[PlyCount "111"]
[EventDate "2016.01.30"]
[EventType "swiss"]
[EventRounds "11"]
[EventCountry "TUR"]
[SourceTitle "CBM 170 Extra"]
[Source "ChessBase"]
[SourceDate "2016.02.25"]
[SourceVersion "1"]
[SourceVersionDate "2016.02.25"]
[SourceQuality "1"]

1. e4 c6 2. d4 d5 3. Nc3 dxe4 4. Nxe4 Bf5 5. Ng3 Bg6 6. Nf3 Nf6 7. Ne5 e6 8. c3 Nbd7 9. Bg5 Be7 10. Be2 Qc7 11. Nxg6 hxg6 12. Qd2 Bd6 13. 0-0-0 Qa5 14. Kb1 Bxg3 15. Bxf6 gxf6 16. hxg3 0-0-0 17. Rh3 Rxh3 18. gxh3 Qf5+ 19. Bd3 Qxh3 20. Be4 Qg4 21. Bg2 Rh8 22. Rh1 Rxh1+ 23. Bxh1 Qh3 24. Be4 f5 25. Bf3 Nb6 26. Qe2 Qh2 27. Kc2 Nd7 28. Kb3 f4 29. g4 g5 30. Be4 Qg1 31. f3 Kc7 32. Bh7 Qe3 33. Qxe3 fxe3 34. Kc2 Nf6 35. Bd3 Nd5 36. b3 Nf4 37. Bh7 Kd6 38. Kb1 f6 39. Be4 b6 40. b4 a6 41. c4 c5 42. dxc5+ bxc5 43. b5 axb5 44. cxb5 Kc7 45. a4 Kb6 46. Kc1 c4 47. Kd1 Kc5 48. Ke1 Kb6 49. Kd1 e5 50. Ke1 Ka5 51. Kd1 Kb6 52. Ke1 c3 53. Bc2 Kc5 54. Kd1 Kb6 55. Ke1 Ka5 56. Kd1 1/2-1/2

[Event "Manavgat Turkey Cup"]
[Site "Manavgat"]
[Date "2016.02.02"]
[Round "5"]
[White "Aycicek, Sahin"]
[Black "Inan, M Berk"]
[Result "1-0"]
[WhiteElo "1649"]
[BlackElo "1477"]
[PlyCount "71"]
[EventDate "2016.01.30"]
[EventType "swiss"]
[EventRounds "11"]
[EventCountry "TUR"]
[SourceTitle "CBM 170 Extra"]
[Source "ChessBase"]
[SourceDate "2016.02.25"]
[SourceVersion "1"]
[SourceVersionDate "2016.02.25"]
[SourceQuality "1"]

1. d4 d5 2. Nf3 Nf6 3. g3 c6 4. Bg2 Bf5 5. c4 e6 6. 0-0 Nbd7 7. Bf4 Be7 8. Qb3 Qb6 9. Nc3 dxc4 10. Qxc4 0-0 11. Nh4 Bg6 12. Nxg6 hxg6 13. e4 Kh7 14. a3 Rh8 15. d5 cxd5 16. exd5 Rac8 17. Qe2 Nh5 18. Be3 Qc7 19. d6 Qxd6 20. Rfd1 Qc7 21. Nb5 Qd8 22. Bxb7 Nhf6 23. Bxa7 Qa5 24. b4 Qa4 25. Bxc8 Rxc8 26. Rac1 Rxc1 27. Rxc1 Nd5 28. Bd4 Qa6 29. Qf1 Qb7 30. Nc3 Bg5 31. Rd1 Ne5 32. Bxe5 Ne3 33. Qh3+ Kg8 34. Rd3 Nc4 35. Bd4 e5 36. Bc5 1-0